000 00348cam a22001217a 4500
008 180718b1956 xxu||||| |||| 00| 0 eng d
082 _aA6x47 Ox2/1
245 _aSoviet affairs: number one
260 _aLondon
_bChatto & Windus
_c1956
300 _a147p.
440 _aSt. Antony's papers: number 1
650 _aSoviet Union --History --Periodicals.
999 _c411185
_d411185